000 00281nam a22001217a 4500
008 170327b xxu||||| |||| 00| 0 eng d
041 _aeng
080 _a615.83
100 _a8
101 _aSHM
245 _aEXAMINATION PHYSICAL THERAPY PRACTICE
_cBOISSONNAULT.W
942 _2udc
_cBK
999 _c8722
_d8722